000 00701nam a2200205 a 4500
001 000007266
005 20200929154121.0
008 090907s200u dr a r 000 0 spa d
040 _aDO-SdBNP
_bspa
_cBNPHU
082 _a795.32
_bH565m
100 1 _aHerrera, Jacobo
_920162
245 1 0 _aMás allá del dominó /
_cJacobo Herrera ; asesores Plinio Eulises Mesa, Andelson Veras.
246 2 4 _aMás allá del dominó:
_btécnicas avanzadas
260 _a[Santo Domingo?] :
_bEscorpión Publicidad,
_c[19--?].
300 _a86 p. :
_bil. ;
_c20 cm.
590 _aInventariado, 2018/BT
650 4 _aDominó
_920160
650 4 _aJuegos de tablero
_920161
910 _aValidado. Control de calidad. MMOLINA
999 _c7047
_d7047